[Event "ch-LTU"]
[Site "Vilnius LTU"]
[Date "2004.04.23"]
[Round "1"]
[White "Sarakauskas,G"]
[Black "Zagorskis,D"]
[Result "1/2-1/2"]
[WhiteElo "2430"]
[BlackElo "2470"]

1.e4 c5 2.Nf3 d6 3.Bb5+ Bd7 4.Bxd7+ Qxd7 5.c4 Nc6 6.d4 cxd4 7.Nxd4 Nf6 8.f3 g6
9.Be3 Bg7 10.O-O O-O 11.Nc3 e6 12.Qd2  1/2-1/2

[Event "TCh-RUS 1st Liga"]
[Site "Sochi RUS"]
[Date "2004.04.24"]
[Round "5"]
[White "Pugachov,A"]
[Black "Sokolov,D"]
[Result "1/2-1/2"]
[WhiteElo "2453"]
[BlackElo "2409"]

1.e4 c5 2.Nf3 d6 3.Bb5+ Bd7 4.Bxd7+ Qxd7 5.O-O Nf6 6.Qe2 Nc6 7.c3 e6 8.d4 cxd4
9.cxd4 d5 10.e5 Ne4 11.Be3 Be7 12.Ne1 f6 13.f3 Ng5 14.Bxg5 fxg5 15.Nc2 O-O
16.Nd2 Qc7 17.Nb3 Qb6 18.Qe3 a5 19.a4 Rac8 20.Na3 Rf5 21.Rfe1 Rcf8 22.Nb5 h5
23.Rad1 g4 24.fxg4 hxg4 25.Qg3 Bg5 26.Kh1 Nb4 27.Nd6 Bf4 28.Qxg4 Nc2 29.Nc5 Ne3
30.Rxe3 Bxe3 31.Nxf5 Rxf5 32.Qg6 Bxd4 33.Nd7 Qb3 34.Qxe6+ Kh8 35.Rg1 Qe3
36.Ra1 Qf4 37.h3 Bxe5 38.Nxe5 Qxe5 39.Qc8+ Kh7 40.Qxb7 Rf2 41.Qb5 Qe4 42.Rg1 d4
43.Qxa5 Rxb2 44.Qh5+ Kg8 45.a5 Ra2 46.Qb5 Ra3 47.Qd7 Kh7 48.Rd1 Rg3 49.Rg1 d3
50.Kh2 Qe5 51.Kh1 Qxa5 52.Qd4 Qg5 53.Kh2 Re3 54.Qd6 Qf5 55.Qd4 Qg5 56.Qd6 Qg6
57.Qf4 Re2 58.Qh4+ Kg8 59.Qg3 Qe4 60.Rb1 Kh7 61.Qg5 Qe5+ 62.Qxe5 Rxe5 63.Rd1 Rd5
64.Kg3 Kg6 65.Kf3 d2 66.Ke3 Kf5 67.Rxd2 Rxd2 68.Kxd2 Kf4 69.Ke2 Kg3 70.Kf1 g5
71.Kg1 g4  1/2-1/2

[Event "Bundesliga 2003-4"]
[Site "Wattenscheid GER"]
[Date "2004.04.24"]
[Round "14"]
[White "Pfretzschner,R"]
[Black "Werle,J"]
[Result "1/2-1/2"]
[WhiteElo "2222"]
[BlackElo "2438"]

1.e4 c5 2.Nf3 d6 3.Bb5+ Bd7 4.Bxd7+ Qxd7 5.O-O Nf6 6.e5 dxe5 7.Nxe5 Qd6 8.Nc4 Qd8
9.a4 Nc6 10.Re1 e6 11.Ra3 Be7 12.Rh3 a6 13.Nc3 Rb8 14.d3 b5 15.axb5 axb5
16.Ne5 Nxe5 17.Rxe5 Qd4 18.Re1 O-O 19.Ne4 Rfd8 20.Nxf6+ Qxf6 21.Qh5 Qg6 22.Qe2 Bd6
23.b3 Ra8 24.Rf3 Ra1 25.Bf4 Rxe1+ 26.Qxe1 Bxf4 27.Rxf4 Ra8 28.h3 Qg5  1/2-1/2

[Event "TCh-RUS w"]
[Site "Sochi RUS"]
[Date "2004.04.26"]
[Round "7"]
[White "Slavina,I"]
[Black "Kineva,E"]
[Result "1-0"]
[WhiteElo "2395"]
[BlackElo "2146"]

1.e4 c5 2.Nf3 d6 3.Bb5+ Bd7 4.Bxd7+ Qxd7 5.O-O Nf6 6.e5 dxe5 7.Nxe5 Qc7 8.d4 e6
9.Bf4 Bd6 10.Na3 Nd5 11.Nb5 Qe7 12.Bg5 Nf6 13.Nc4 Bc7 14.d5 Qd7 15.Nxc7+ Qxc7
16.dxe6 fxe6 17.Bxf6 gxf6 18.Qh5+ Kf8 19.Rfe1 Qe7 20.Qh3 e5 21.Rad1 Rg8 22.f4 b5
23.Nxe5 fxe5 24.Rxe5 Qc7 25.Rf5+ Kg7 26.Rg5+ Kh8 27.Qc3+  1-0

[Event "ch-POL"]
[Site "Warsaw POL"]
[Date "2004.04.26"]
[Round "3"]
[White "Gdanski,J"]
[Black "Kempinski,R"]
[Result "1/2-1/2"]
[WhiteElo "2529"]
[BlackElo "2586"]

1.e4 c5 2.Nf3 d6 3.Bb5+ Bd7 4.Bxd7+ Qxd7 5.c4 Nf6 6.Nc3 g6 7.d4 cxd4 8.Nxd4 Bg7
9.f3 O-O 10.O-O Rc8 11.b3 d5 12.exd5 Nxd5 13.Nxd5 e6 14.Bh6 exd5 15.Bxg7 Kxg7
16.cxd5 Qxd5 17.Ne2  1/2-1/2

[Event "6th Open"]
[Site "Dubai UAE"]
[Date "2004.04.27"]
[Round "8"]
[White "Belkhodja,S"]
[Black "Ghaem Maghami,E"]
[Result "1/2-1/2"]
[WhiteElo "2449"]
[BlackElo "2558"]

1.e4 c5 2.Nf3 d6 3.Bb5+ Bd7 4.Bxd7+ Qxd7 5.O-O Nc6 6.c3 Nf6 7.d4 cxd4 8.cxd4 d5
9.e5 Ne4 10.Ne1 h6 11.f3 Ng5 12.Nc3 e6 13.Be3 Be7 14.Nd3 O-O 15.h4 Nh7 16.Bf2 Qd8
17.g3 Rc8 18.f4 Nb4  1/2-1/2

[Event "TCh-RUS 1st Liga"]
[Site "Sochi RUS"]
[Date "2004.04.27"]
[Round "8"]
[White "Chadaev,N"]
[Black "Sergienko,S"]
[Result "1/2-1/2"]
[WhiteElo "2370"]
[BlackElo "2404"]

1.e4 c5 2.Nf3 d6 3.Bb5+ Bd7 4.Bxd7+ Qxd7 5.O-O Nc6 6.c3 Nf6 7.Re1 e6 8.d4 cxd4
9.cxd4 d5 10.e5 Ne4 11.Nbd2 Nxd2 12.Bxd2 Be7 13.Rc1 O-O 14.h3 Rfc8 15.Qb3 Rc7
16.Rc2 Rac8 17.Rec1 Nd8 18.Rxc7 Rxc7 19.Rxc7 Qxc7 20.Qa4  1/2-1/2

[Event "6th Open"]
[Site "Dubai UAE"]
[Date "2004.04.28"]
[Round "9"]
[White "Ulibin,M"]
[Black "Mamedov,Rau"]
[Result "0-1"]
[WhiteElo "2579"]
[BlackElo "2494"]

1.e4 c5 2.Nf3 d6 3.Bb5+ Nd7 4.d4 Nf6 5.Nc3 a6 6.Bxd7+ Nxd7 7.O-O cxd4 8.Qxd4 e6
9.Bg5 Qc7 10.Rad1 f6 11.Bh4 Ne5 12.Nd2 b5 13.f4 Nc6 14.Qd3 Be7 15.Qh3 Nd8
16.a3 O-O 17.f5 d5 18.exd5 exf5 19.Nb3 Bd6 20.Nd4 Be5 21.Kh1 g6 22.Qe3 Qd6
23.Nf3 Bb7 24.Nxe5 fxe5 25.a4 b4 26.Na2 Rc8 27.c3 b3 28.Nc1 Rc4 29.Be1 a5
30.Nxb3 Ba6 31.Rg1 f4 32.Qf2 f3 33.gxf3 Rcf4 34.Rg3 Nb7 35.Qe3 Bc4 36.Nc1 Bxd5
37.Qd3 Bxf3+ 38.Rxf3 Qc6 39.Qd5+ Qxd5 40.Rxd5 Rxf3 41.Rxe5 Nc5 42.b3 R3f5
43.Re2 Rb8 44.Kg2 Rb7 45.b4 axb4 46.cxb4 Nxa4 47.Nb3 Rg5+ 48.Kh3 Rd7 49.Bg3 Rd3
50.Na5 Nc3 51.Re7 Nd5 52.Rb7 h5 53.Rb8+ Kh7 54.Rb7+ Kh6 55.Rf7 Rg4 56.b5 Nf4+
57.Rxf4 Rxf4 58.b6 Rb4 59.b7 Rc3 60.Kg2 Rb2+ 61.Bf2 Rcc2 62.Kg1 Rxf2 63.b8=Q Rxb8
64.Kxf2 Rb2+ 65.Kg3 g5 66.Nc4 h4+ 67.Kh3 Re2  0-1

[Event "68th ch-BUL"]
[Site "Sofia BUL"]
[Date "2004.04.28"]
[Round "5"]
[White "Spasov,V"]
[Black "Georgiev,Kr"]
[Result "1/2-1/2"]
[WhiteElo "2542"]
[BlackElo "2461"]

1.e4 c5 2.Nf3 d6 3.Bb5+ Bd7 4.Bxd7+ Qxd7 5.c4 e5 6.Nc3 g6 7.O-O Bg7 8.Rb1 Nc6
9.a3 Nge7 10.b4 O-O 11.d3 Kh8  1/2-1/2

[Event "ch-POL w"]
[Site "Warsaw POL"]
[Date "2004.04.28"]
[Round "3"]
[White "Czarnota,D"]
[Black "Dworakowska,J"]
[Result "0-1"]
[WhiteElo "2222"]
[BlackElo "2395"]

1.e4 c5 2.Nf3 d6 3.Bb5+ Bd7 4.Bxd7+ Qxd7 5.c4 Nf6 6.Nc3 g6 7.d4 cxd4 8.Nxd4 Bg7
9.O-O O-O 10.f3 Rc8 11.b3 a6 12.a4 Nc6 13.Nde2 Qd8 14.Rb1 Qb6+ 15.Kh1 Qc5
16.Bd2 Nb4 17.Be1 Bh6 18.Bh4 Bg5 19.Bf2 Be3 20.Bxe3 Qxe3 21.Qc1 Qxc1 22.Rbxc1 e6
23.Rfd1 Rd8 24.Rd2 Kf8 25.Rcd1 Ke7 26.Kg1 Rac8 27.Kf2 Rc6 28.Nd4 Rc5 29.Nc2 Nxc2
30.Rxc2 Nd7 31.Rcd2 Rc6 32.Ke3 Nc5 33.Rb1 Rdc8 34.f4 f5 35.exf5 gxf5 36.Kf3 Rg8
37.g3 h5 38.Re2 Kf7 39.Re3 Rgc8 40.Re2 Nd7 41.Rbe1 Re8 42.Kg2 Nc5 43.Rb1 Rg8
44.Kf3 Rg4 45.Re3 h4 46.Ne2 Rg6 47.Nd4 Rc8 48.Rbe1 hxg3 49.hxg3 Rcg8 50.Ne2 Ne4
51.Kg2 e5 52.fxe5 dxe5 53.Rd1 Ke6 54.Kh2 Rh6+ 55.Kg2 Rgh8  0-1

[Event "4th Gold Cup"]
[Site "Szombathely HUN"]
[Date "2004.04.29"]
[Round "11"]
[White "Rudolf,A"]
[Black "Vajda,S"]
[Result "0-1"]
[WhiteElo "2197"]
[BlackElo "2362"]

1.e4 c5 2.Nf3 d6 3.Bb5+ Nd7 4.O-O a6 5.Bxd7+ Bxd7 6.d4 cxd4 7.Qxd4 e5 8.Qd3 h6
9.c4 b5 10.Nc3 bxc4 11.Qxc4 Nf6 12.Rd1 Be7 13.a4 O-O 14.a5 Qb8 15.Be3 Qb7
16.Bb6 Rac8 17.Qe2 Bc6 18.Nd2 d5 19.exd5 Nxd5 20.Nxd5 Bxd5 21.f3 Rc2 22.Qxe5 Bf6
23.Qf5 Rxb2 24.Rac1 Be6 25.Qe4 Qb8 26.Nc4 Ra2 27.Nd6 Bb3 28.Bc7 Qa7+ 29.Bb6 Qd7
30.Rc7 Qxc7 31.Bxc7 Bxd1 32.Qd5 Rc2 33.Bb6 Be2 34.Ne4 Bh4 35.g3 Bxf3 36.gxh4 Re8
37.Qd7 Rxe4 38.Qd8+ Kh7 39.Bf2 Rc1+ 40.Be1 Rcxe1+ 41.Kf2 Bh5  0-1

[Event "4NCL"]
[Site "West Bromwich ENG"]
[Date "2004.05.01"]
[Round "7"]
[White "Shaw,J"]
[Black "Collinson,A"]
[Result "1/2-1/2"]
[WhiteElo "2465"]
[BlackElo "2391"]

1.e4 c5 2.Nf3 d6 3.Bb5+ Nd7 4.d4 Nf6 5.Nc3 cxd4 6.Qxd4 e5 7.Qd3 h6 8.Be3 Be7
9.Bc4 a6 10.a4 Qc7 11.O-O Nc5 12.Bxc5 Qxc5 13.Nd5 Nxd5 14.Bxd5 O-O 15.Ra3 Rb8
16.Rc3 Qa5 17.Qc4 Bd8 18.Ra1 Bd7 19.b4 Qb6 20.a5 Qa7 21.Qd3 Rc8 22.Rxc8 Bxc8
23.Nd2 b6 24.Nc4 bxa5 25.bxa5 Bc7 26.Qa3 Qd4 27.c3 Qd3 28.Re1 Bd7 29.Qc1 Ba4
30.Qa1 Bb5 31.Nb2 Qxc3 32.Nc4 Qxa1 33.Rxa1 Rb8 34.Rb1 g6 35.f3 Kf8 36.Kf2 Ke7
37.g4 Bxc4 38.Rxb8 Bxd5 39.Rc8 Kd7 40.Rxc7+ Kxc7 41.exd5 Kd7 42.h4 Ke7 43.Ke3 Kf6
44.Ke4 Kg7 45.Ke3 f6 46.Kd3 g5 47.h5 f5 48.gxf5 Kf6  1/2-1/2

[Event "Mitropa Cup"]
[Site "Zemplinska Sirava SVK"]
[Date "2004.05.01"]
[Round "4"]
[White "Landenbergue,C"]
[Black "Balogh,C"]
[Result "1/2-1/2"]
[WhiteElo "2394"]
[BlackElo "2468"]

1.e4 c5 2.Nf3 d6 3.Bb5+ Bd7 4.a4 Nc6 5.O-O Nf6 6.d3 e6 7.Nc3 Be7 8.Bg5 O-O
9.Bxc6 Bxc6 10.e5 Nd7 11.Bxe7 Qxe7 12.exd6 Qxd6 13.Ne4 Qc7 14.Re1 Rae8 15.Qe2 e5
16.b3 f5 17.Ned2 Qd6 18.Nc4 Qg6 19.g3 e4 20.dxe4 Rxe4 21.Qd3 f4 22.Nfe5 fxg3
23.Qxg3 Nxe5 24.Nxe5 Qh5 25.Rxe4 Bxe4 26.Re1 Qf5 27.Rd1 Re8 28.f4 Bc6 29.Nxc6 Qxc2
30.Re1 Rxe1+ 31.Qxe1 Qg6+ 32.Kf2 Qxc6 33.Qe5 a6 34.a5 h6 35.h4 Kf7 36.h5 c4
37.bxc4 Qxc4 38.Kg3 Qb3+ 39.Kf2 Qb5 40.Qe4 Qc6 41.Qf5+ Kg8 42.Qe5 b5 43.axb6 Qxb6+
44.Kg3 Qb3+ 45.Kh4 Qb5 46.Qe6+ Kf8 47.Qd6+ Kf7 48.Qg6+ Kg8 49.Qe6+ Kh7 50.Qe4+ Kh8
51.Qa8+ Kh7 52.Qe4+ Kg8 53.Qe6+  1/2-1/2

[Event "1st ACP Women Blitz"]
[Site "playchess.com INT"]
[Date "2004.05.02"]
[Round "3"]
[White "Skripchenko,A"]
[Black "Pogonina,N"]
[Result "1-0"]
[WhiteElo "2456"]
[BlackElo "2393"]

1.e4 c5 2.Nf3 d6 3.Bb5+ Bd7 4.Bxd7+ Qxd7 5.O-O Nf6 6.Qe2 Nc6 7.Rd1 g6 8.c3 Bg7
9.d4 cxd4 10.cxd4 O-O 11.Nc3 Rac8 12.e5 Ne8 13.Bf4 d5 14.h4 h5 15.Ng5 e6
16.g4 hxg4 17.Qxg4 Ne7 18.h5 Nf5 19.Rd3 f6 20.Nf3 g5 21.exf6 Nxf6 22.Qxg5 Kh8
23.Ne5 Rg8 24.Nxd7 Nxd7 25.Kf1 Bh6 26.Qxh6+ Nxh6 27.Bxh6  1-0

[Event "1st ACP Women Blitz"]
[Site "playchess.com INT"]
[Date "2004.05.02"]
[Round "10"]
[White "Skripchenko,A"]
[Black "Krush,I"]
[Result "0-1"]
[WhiteElo "2456"]
[BlackElo "2465"]

1.e4 c5 2.Nf3 d6 3.Bb5+ Bd7 4.Bxd7+ Qxd7 5.O-O Nc6 6.Qe2 Nf6 7.Rd1 g6 8.c3 Bg7
9.d4 cxd4 10.cxd4 d5 11.e5 Ne4 12.Nc3 Nxc3 13.bxc3 O-O 14.h4 f6 15.e6 Qd6
16.h5 Nd8 17.Re1 Rc8 18.hxg6 hxg6 19.Nh4 Rxc3 20.Nxg6 Re8 21.Bf4 Qb6 22.Qg4 Qxd4
23.Nh4 Rc2 24.Nf5 Qxf2+ 25.Kh1 Nxe6 26.Rxe6 Kf7 27.Rxe7+ Rxe7 28.Qxg7+ Ke6
29.Nxe7 Qxf4 30.Re1+ Kd6 31.Ng8 Qh4+ 32.Kg1 Qxe1+ 33.Kh2 Qh4+ 34.Kg1 Rc1+  0-1

[Event "4NCL"]
[Site "West Bromwich ENG"]
[Date "2004.05.02"]
[Round "8"]
[White "Ansell,S"]
[Black "Bates,Ri"]
[Result "1-0"]
[WhiteElo "2371"]
[BlackElo "2376"]

1.e4 c5 2.Nf3 d6 3.Bb5+ Bd7 4.Bxd7+ Qxd7 5.c4 Nc6 6.Nc3 g6 7.d4 cxd4 8.Nxd4 Nf6
9.O-O Bg7 10.Nde2 Qe6 11.Nd5 Qxe4 12.Nc7+ Kd7 13.Nxa8 Qxc4 14.Nb6+ axb6 15.Nc3 Ra8
16.a4 Ne4 17.Qd5 Qxd5 18.Nxd5 Ra6 19.Be3 Bxb2 20.Rab1 Nc3 21.Nxb6+ Rxb6 22.Bxb6 Nxb1
23.Rxb1 Bc3 24.Rb3 Bb4 25.g4 d5 26.Kf1 Bd6 27.Be3 Kc7 28.f4 f6 29.Bc1 Nd4
30.Rh3 f5 31.g5 Kd7 32.Rxh7 Nb3 33.Bb2 Bxf4 34.h4 Nd2+ 35.Ke2 Ne4 36.h5 Ng3+
37.Kf3 Nxh5 38.Rxh5 gxh5 39.g6 h4 40.Bd4 h3  1-0

[Event "4NCL"]
[Site "West Bromwich ENG"]
[Date "2004.05.02"]
[Round "8"]
[White "Lauterbach,I"]
[Black "Hunt,H"]
[Result "0-1"]
[WhiteElo "2171"]
[BlackElo "2392"]

1.e4 c5 2.Nf3 d6 3.Bb5+ Nc6 4.d4 cxd4 5.Qxd4 Bd7 6.Bxc6 Bxc6 7.c4 Nf6 8.Nc3 g6
9.O-O Bg7 10.Qd3 O-O 11.Nd4 Nd7 12.Nxc6 bxc6 13.Be3 Qa5 14.Bd2 Qh5 15.f4 a5
16.b3 Nc5 17.Qc2 f5 18.exf5 Qxf5 19.Qxf5 gxf5 20.Rae1 Kf7 21.Rf3 h5 22.Rh3 Rh8
23.Ne2 Ne4 24.Be3 c5 25.Ng3 Nxg3 26.Rxg3 Bf6 27.Bf2 a4 28.Rb1 axb3 29.axb3 h4
30.Rf3 Rhg8 31.Kf1 Ra2 32.g3 hxg3 33.hxg3 Rh8 34.Kg1 Rc2 35.Rd1 Ra8 36.Kf1 Ra3
37.Rdd3 Ra1+ 38.Kg2 Bd4 39.b4 Raa2 40.Rxd4 cxd4 41.c5 dxc5 42.bxc5 Rxc5 43.Kf1 Rc1+  0-1

[Event "4NCL"]
[Site "West Bromwich ENG"]
[Date "2004.05.02"]
[Round "8"]
[White "Baruch,A"]
[Black "Gallagher,Jo"]
[Result "0-1"]
[WhiteElo "2106"]
[BlackElo "2524"]

1.e4 c5 2.Nf3 d6 3.Bb5+ Nd7 4.d4 Nf6 5.Nc3 cxd4 6.Qxd4 e5 7.Qd3 h6 8.Be3 a6
9.Ba4 Be7 10.O-O-O Qc7 11.h3 O-O 12.Bxd7 Bxd7 13.Nh4 Rfc8 14.Kb1 b5 15.g3 b4
16.Nd5 Nxd5 17.exd5 Bxh4 18.gxh4 Qc4 19.Rhg1 Qxd3 20.Rxd3 Kh7 21.f4 Rc4 22.b3 Re4
23.fxe5 dxe5 24.h5 Rh4 25.Bd2 a5 26.d6 Rxh3 27.Rxh3 Bxh3 28.c3 bxc3 29.Bxc3 f6
30.Rd1 Bd7 31.a4 g5 32.Kc2 g4 33.Be1 Kg7 34.Rd5 Kf7 35.Bxa5 Ke6 36.Rd2 Rxa5  0-1

[Event "4NCL"]
[Site "West Bromwich ENG"]
[Date "2004.05.03"]
[Round "9"]
[White "Sebag,M"]
[Black "Rechel,B"]
[Result "1-0"]
[WhiteElo "2404"]
[BlackElo "2420"]

1.e4 c5 2.Nf3 d6 3.Bb5+ Nd7 4.d4 Nf6 5.Nc3 cxd4 6.Qxd4 e5 7.Qd3 Be7 8.Bg5 O-O
9.Bxd7 Qxd7 10.Bxf6 Bxf6 11.O-O-O Qg4 12.Nd5 Bd8 13.Ne3 Qe6 14.Kb1 Be7 15.Nd5 Bd8
16.Nc3 Ba5 17.Nd5 Bd8 18.Nd2 Bd7 19.Nc4 Bc6 20.Nce3 Rc8 21.h4 Bxd5 22.Qxd5 g6
23.Qxd6 Bb6 24.Qd2 Bxe3 25.Qxe3 Qc4 26.Rd2 Rfd8 27.b3 Qc6 28.Rxd8+ Rxd8 29.h5 Rd4
30.f3 b5 31.hxg6 fxg6 32.c3 Rd7 33.Kc2 Qd6 34.Qe2 Qa3 35.Kb1 Qc5 36.Kb2 a5
37.Rc1 Kg7 38.g4 h6 39.a3 b4 40.cxb4 Qd4+ 41.Rc3 axb4 42.axb4 Qxb4 43.Qe3 Qd6
44.Rc2 Qb4 45.Rh2 Qd4+ 46.Qxd4 Rxd4 47.Kc3 Rd8 48.b4 Rf8 49.Rh3 Rc8+ 50.Kb3 Rb8
51.Rh2 Rf8 52.b5 Rxf3+ 53.Kc4 Re3 54.b6 Rxe4+ 55.Kc5 Rf4 56.b7 Rf8 57.Rf2 Rxf2
58.b8=Q g5 59.Qxe5+ Rf6 60.Kd5 Kg6 61.Qe8+ Kg7 62.Ke5 Rf4 63.Qd7+ Kg6 64.Qd3+ Kg7
65.Qc3 Kg6 66.Qc6+ Kg7 67.Qe6 Rf1 68.Qd7+ Rf7 69.Qd4 Rf1 70.Qb2 Kg6 71.Qc2+ Kg7  1-0

[Event "Mitropa Cup"]
[Site "Zemplinska Sirava SVK"]
[Date "2004.05.04"]
[Round "7"]
[White "Laznicka,V"]
[Black "Brkic,A"]
[Result "1/2-1/2"]
[WhiteElo "2450"]
[BlackElo "2427"]

1.e4 c5 2.Nf3 d6 3.Bb5+ Bd7 4.Bxd7+ Qxd7 5.c4 Nf6 6.Nc3 g6 7.d4 cxd4 8.Nxd4 Bg7
9.O-O O-O 10.f3 Rc8 11.b3 d5 12.exd5 Nxd5 13.Nxd5 e6 14.Bh6 exd5 15.Bxg7 Kxg7
16.cxd5 Qxd5  1/2-1/2

[Event "Mitropa Cup"]
[Site "Zemplinska Sirava SVK"]
[Date "2004.05.05"]
[Round "8"]
[White "Moser,E"]
[Black "Mikhalchishin,A"]
[Result "1-0"]
[WhiteElo "2409"]
[BlackElo "2527"]

1.e4 c5 2.Nf3 d6 3.Bb5+ Nd7 4.d4 Nf6 5.Nc3 cxd4 6.Qxd4 e5 7.Qd3 h6 8.O-O Be7
9.Be3 O-O 10.Bc4 Qc7 11.Nh4 Nc5 12.Nb5 Qc6 13.Bxc5 Qxc5 14.Ng6 Re8 15.Qb3 d5
16.Nxe7+ Rxe7 17.Bxd5 Nxd5 18.Qxd5 Qxd5 19.exd5 Bf5 20.Rac1 Rd8 21.Rfd1 a6
22.Nc3 Rc7 23.f3 b5 24.Kf2 Rc4 25.Ke3 Rdc8 26.g4 Bd7 27.Rd2 Rb4 28.Nd1 f5
29.gxf5 Bxf5 30.b3 Kf7 31.c3 Rh4 32.Nb2 Ke7 33.c4 Kd6 34.a4 Rh3 35.b4 Bg4
36.c5+ Kd7 37.Rf2 Rf8 38.axb5 Bxf3 39.Kd2 Rf4 40.bxa6 Rd4+ 41.Ke1 Bxd5 42.b5 Re3+
43.Kf1 Ra3 44.c6+ Kc7 45.b6+ Kxb6 46.c7 Be6 47.c8=Q Bxc8 48.Rxc8 Rxa6 49.Nc4+ Kb7
50.Rc5 Rd1+ 51.Kg2 Rg6+ 52.Kf3 Rf6+ 53.Ke2 Rd4 54.Rg2 g5 55.Ke3 Rh4 56.Rb2+ Ka7
57.Ra5+ Ra6 58.Rxa6+ Kxa6 59.Nxe5 Ra4 60.Nd3  1-0

[Event "Mitropa Cup"]
[Site "Zemplinska Sirava SVK"]
[Date "2004.05.06"]
[Round "9"]
[White "Sarno,S"]
[Black "Balogh,C"]
[Result "0-1"]
[WhiteElo "2401"]
[BlackElo "2468"]

1.e4 c5 2.Nf3 d6 3.Bb5+ Bd7 4.Bxd7+ Qxd7 5.c4 Nf6 6.Nc3 g6 7.d4 cxd4 8.Nxd4 Bg7
9.f3 O-O 10.Be3 a6 11.Rc1 Nc6 12.O-O Nxd4 13.Bxd4 b5 14.Nd5 Nxd5 15.cxd5 Bh6
16.Rc2 Rfc8 17.Rff2 e5 18.dxe6 Qxe6 19.b3 d5 20.Qd3 dxe4 21.Qxe4 Qxe4 22.fxe4 Re8
23.Rfe2 Rad8 24.Bb2 Re6 25.Kf2 Bf4 26.g3 Bb8 27.Kf3 h5 28.Rcd2 Rde8 29.h3 Be5
30.Bxe5 Rxe5 31.h4 Kg7 32.Re3 R8e6 33.Kf4 f5 34.Rde2 b4 35.Kf3 Kf6 36.Re1 g5
37.hxg5+ Kxg5 38.exf5 Rxe3+ 39.Rxe3 Rxe3+ 40.Kxe3 Kxf5 41.Kf3 Kg5 42.Kf2 Kf6
43.Ke3 Ke5 44.Kd3 Kf5 45.Ke3 Kg4 46.Kf2 Kh3 47.Kf3 a5 48.Kf2 Kh2 49.Kf3 Kg1  0-1

[Event "Mitropa Cup"]
[Site "Zemplinska Sirava SVK"]
[Date "2004.05.06"]
[Round "9"]
[White "Sikorova,O"]
[Black "Pinter,E"]
[Result "1/2-1/2"]
[WhiteElo "2275"]
[BlackElo "2410"]

1.e4 c5 2.Nf3 d6 3.Bb5+ Nd7 4.O-O a6 5.Bxd7+ Bxd7 6.Re1 Bg4 7.h3 Bh5 8.d3 e6
9.Nbd2 Be7 10.Nf1 Nf6 11.Ng3 Bxf3 12.Qxf3 Qd7 13.b3 O-O 14.Bb2 Rac8 15.a4 b5
16.axb5 axb5 17.Ra2 Qb7 18.Rea1 Ra8 19.Qd1 c4 20.dxc4 Rxa2 21.Rxa2 bxc4 22.Qd4 Qc6
23.Ra7 Re8 24.Qxc4 Qxc4 25.bxc4 Kf8 26.e5 dxe5 27.Bxe5 Rd8 28.Kf1 Bc5 29.Rc7 Bd4
30.Bxd4 Rxd4 31.Ke2 h5 32.c3 Rd8 33.Ke3 h4 34.Ne2 e5 35.Rc5 Nd7 36.Rd5 Ke7
37.f4 f6 38.fxe5 fxe5 39.Ng1 Rc8 40.Nf3 Ke6 41.Ng5+ Ke7 42.Kd3 Nc5+ 43.Kc2 Nd7
44.Kb3 Rb8+ 45.Rb5 Kf6 46.Rxb8 Nxb8 47.Nf3 e4 48.Nd4 Na6 49.Ka4 e3 50.Kb5 Nc7+
51.Kc6 Ne6 52.Nc2 e2 53.Kd6 Nf4 54.Ne1 Nxg2 55.Nc2 Nf4 56.c5 g5 57.c6 Ne6
58.Kd5 Kf5 59.c4 Kf6 60.Ke4 Ke7 61.Ne1 Nf4 62.Kf3 Nxh3 63.Kxe2 g4 64.Ng2 Ng1+
65.Kf2  1/2-1/2

[Event "TCh-FRA Nat1 Final"]
[Site "Belfort FRA"]
[Date "2004.05.08"]
[Round "8"]
[White "Claverie,C"]
[Black "Efimov,I"]
[Result "1/2-1/2"]
[WhiteElo "2339"]
[BlackElo "2496"]

1.e4 c5 2.Nf3 d6 3.Bb5+ Nd7 4.d4 cxd4 5.Qxd4 e5 6.Qd3 Nf6 7.Bg5 a6 8.Bxd7+ Bxd7
9.Nc3 Rc8 10.O-O Rc6 11.Rfd1 Be7 12.Rac1 h6 13.Bxf6 Bxf6 14.Nd5 O-O 15.c4 Bg5
16.Nxg5 Qxg5 17.Qg3 Re8 18.Qxg5 hxg5 19.b3 Be6 20.Nb4 Rb6 21.Nd5  1/2-1/2

[Event "TCh-FRA Nat1 Final"]
[Site "Belfort FRA"]
[Date "2004.05.08"]
[Round "8"]
[White "Scherer,He"]
[Black "Sarthou,G"]
[Result "0-1"]
[WhiteElo "2323"]
[BlackElo "2367"]

1.e4 c5 2.Nf3 d6 3.Bb5+ Bd7 4.Bxd7+ Qxd7 5.O-O Nc6 6.c3 Nf6 7.Qe2 e6 8.d4 cxd4
9.cxd4 d5 10.e5 Ne4 11.Be3 Be7 12.Ne1 f6 13.f3 Ng5 14.Nd3 O-O 15.Nd2 Nf7
16.f4 f5 17.Nf3 Rfc8 18.Bd2 a5 19.Rfc1 a4 20.Qf2 Ncd8 21.Bb4 Bxb4 22.Nxb4 Nc6
23.Qd2 Na5 24.Rxc8+ Rxc8 25.Rc1 Nc4 26.Qc3 Ncd6 27.Qe1 Ne4 28.Nd3 h6 29.Nc5 Nxc5
30.dxc5 d4 31.Qb4 d3 32.Rc4 Qc6 33.Rd4 g5 34.Rxd3 Qe4 35.Qd2 g4 36.Ne1 Rxc5
37.Rd4 Qc6 38.Kf2 h5 39.Kg3 Kg7 40.Rd7 Kg6 41.h3 Rb5 42.Qd4 Rc5 43.Rxb7 a3
44.Rb3 Rc4 45.Qb6 Qxb6 46.Rxb6 axb2 47.Rxb2 h4+ 48.Kxh4 Rxf4 49.Re2 Rf1 50.Kg3 f4+
51.Kxg4 Nh6+ 52.Kh4 Nf5+ 53.Kg4 Ne3+ 54.Kh4 Rxe1 55.Rxe1 Nxg2+ 56.Kg4 Nxe1
57.Kxf4 Nd3+ 58.Ke4 Nb4 59.a3 Nc6 60.Kf4 Kh5 61.a4 Kh4  0-1

[Event "1st Open"]
[Site "Kranj SLO"]
[Date "2004.05.08"]
[Round "2"]
[White "Muri,E"]
[Black "Podvrsnik,M"]
[Result "0-1"]
[WhiteElo "2031"]
[BlackElo "2221"]

1.e4 c5 2.Nf3 d6 3.Bb5+ Bd7 4.Qe2 Nc6 5.c3 g6 6.O-O Bg7 7.Rd1 e5 8.d3 Nge7
9.Nbd2 a6 10.Ba4 O-O 11.Bb3 Na5 12.Bc2 h6 13.Nf1 Qc7 14.Ng3 Rae8 15.Be3 d5
16.Rac1 b5 17.Bb1 Nb7 18.Qd2 Kh7 19.d4 Bg4 20.dxc5 Rd8 21.Qe2 Nxc5 22.h3 Be6
23.Nh2 Nxe4 24.Nxe4 dxe4 25.Bxe4 Bxa2 26.Ra1 Bb3 27.Re1 f5 28.Bc2 Bc4 29.Qf3 e4
30.Bf4 Qc6 31.Qg3 Nd5 32.Nf1 b4 33.Ne3 Nxf4 34.Qxf4 bxc3 35.Rab1 Bd3 36.Rbc1 g5
37.Qh2 f4 38.Ng4 Bxc2 39.Rxc2 h5 40.Rb1 Rd6 41.g3 f3 42.Ne3 Be5 43.h4 g4
44.Kh1 Rd3 45.Qg1 Rfd8 46.bxc3 Rxc3 47.Rxc3 Qxc3 48.Rb7+ Kg6 49.Qb1 Qd3 50.Qb6+ Rd6
51.Qc7 Qd1+ 52.Nxd1 Rxd1+ 53.Kh2 Bxc7 54.Rxc7 e3 55.Rc6+ Kf5  0-1

[Event "TCh-FRA Nat1 Final"]
[Site "Belfort FRA"]
[Date "2004.05.10"]
[Round "10"]
[White "Libiszewski,F"]
[Black "Nikolaidis,I"]
[Result "1/2-1/2"]
[WhiteElo "2441"]
[BlackElo "2518"]

1.e4 c5 2.Nf3 d6 3.Bb5+ Bd7 4.Bxd7+ Qxd7 5.c4 Nf6 6.Nc3 Nc6 7.d4 cxd4 8.Nxd4 e6
9.O-O Be7 10.Be3 O-O 11.Qe2 Rfc8 12.f4 a6 13.Rac1 Rab8 14.b3 Qe8  1/2-1/2

[Event "7th United Insurance"]
[Site "Dhaka BAN"]
[Date "2004.05.10"]
[Round "5"]
[White "Uddin,S"]
[Black "Sankalp,M"]
[Result "1-0"]
[WhiteElo "2254"]
[BlackElo "1953"]

1.e4 c5 2.Nf3 d6 3.Bb5+ Bd7 4.Bxd7+ Qxd7 5.c4 Nf6 6.Nc3 g6 7.d4 cxd4 8.Nxd4 Bg7
9.O-O Nc6 10.Nde2 O-O 11.f3 Rfd8 12.Be3 e6 13.g4 Kh8 14.Qd2 Ng8 15.Rad1 Nge7
16.Nf4 Nc8 17.h4 Nb6 18.b3 e5 19.Nfe2 Qe7 20.Kg2 Nc8 21.Rh1 Qf8 22.h5 N8e7
23.h6 Bf6 24.g5  1-0

[Event "Karadjordje-Serbia"]
[Site "Topola SCG"]
[Date "2004.05.12"]
[Round "9"]
[White "Sedlak,N"]
[Black "Ivanisevic,I"]
[Result "1-0"]
[WhiteElo "2519"]
[BlackElo "2550"]

1.e4 c5 2.Nf3 d6 3.Bb5+ Nc6 4.O-O Bd7 5.c3 Nf6 6.Re1 a6 7.Bf1 Bg4 8.d3 e6
9.Nbd2 Nd7 10.h3 Bh5 11.g4 Bg6 12.d4 cxd4 13.cxd4 e5 14.d5 Ncb8 15.h4 h6
16.Bh3 Be7 17.h5 Bh7 18.Nf1 a5 19.Ng3 Na6 20.Bf1 Nac5 21.Bb5 O-O 22.a4 Kh8
23.Nd2 Bh4 24.Ndf1 Nf6 25.f3 Rc8 26.Be3 Ng8 27.Re2 Bg5 28.Ra3 Bf4 29.Rc3 Qg5
30.Bxc5 dxc5 31.Rg2 Qf6 32.Ne3 Rfd8 33.Nc4 Ra8 34.Rd3 Ne7 35.Ne2 Bg5 36.Qe1 Nc6
37.Bxc6 bxc6 38.d6 Re8 39.Qc3 Re6 40.Qa3 g6 41.Qxc5 gxh5 42.gxh5 Rg8 43.d7 Rd8
44.Qxa5 Qe7 45.Qc7 f5 46.Nd6 Bg8 47.exf5 Rf6 48.Nb7 Qb4 49.Nc3 Qh4 50.Qxe5 Bf4
51.Qe7 Bh2+ 52.Kf1 Bg3 53.Rxg3  1-0

[Event "Capablanca Mem Premier I"]
[Site "Havana CUB"]
[Date "2004.05.15"]
[Round "9"]
[White "Prasca,R"]
[Black "Lafuente,P"]
[Result "1/2-1/2"]
[WhiteElo "2362"]
[BlackElo "2433"]

1.e4 c5 2.Nf3 d6 3.Bb5+ Bd7 4.Bxd7+ Qxd7 5.O-O Nf6 6.Re1 Nc6 7.d4 cxd4 8.Nxd4 g6
9.Nxc6 Qxc6 10.Nc3 Bg7 11.Nd5 e6 12.Bg5 Nd7 13.c3 h6 14.Bf4 Ne5 15.Nb4 Qc7
16.Nd3 O-O 17.Nxe5 dxe5 18.Be3 Qc6 19.Qc2 Rfc8 20.f3 Bf8 21.Rad1 b5 22.Qd2 Rd8
23.Qxd8 Rxd8 24.Rxd8 Kg7 25.Red1 Bc5 26.Bxc5 Qxc5+ 27.Kh1 Qf2 28.R8d2 Qe3
29.h3 h5 30.Rc2 h4 31.b3 Kh6 32.c4 bxc4 33.bxc4 Qc5 34.Kh2 Kg5 35.Rdc1  1/2-1/2

[Event "Capablanca Mem Mixto"]
[Site "Havana CUB"]
[Date "2004.05.15"]
[Round "9"]
[White "Arribas,M"]
[Black "Mascaro March,P"]
[Result "1/2-1/2"]
[WhiteElo "2327"]
[BlackElo "2309"]

1.e4 c5 2.Nf3 d6 3.Bb5+ Nd7 4.O-O Nf6 5.Re1 a6 6.Bxd7+ Nxd7 7.d4 e6 8.a4 Be7
9.Na3 b5 10.dxc5 Nxc5 11.axb5 axb5 12.Bf4 b4 13.Nc4 Rxa1 14.Qxa1 O-O 15.Qd1 e5
16.Bd2 Be6 17.Qe2 b3 18.cxb3 f5 19.exf5 Bxf5 20.Be3 Ne6 21.Nb6 Kh8 22.Qc4 Qe8
23.Nd5 Bd8 24.Nh4 Bxh4 25.Qxh4 h6 26.Rc1 Qa8 27.Nc7 Nxc7 28.Rxc7 Qa1+ 29.Rc1 Qxb2
30.h3 Qxb3 31.Qe7 Rf7 32.Qxd6 e4 33.Bd4 Kh7 34.Kh2 Qd3 35.Rc3 Qb5 36.Qg3 Qd5
37.Be5 Bg6 38.Rc7 Rxc7 39.Bxc7 Qd7  1/2-1/2

[Event "TCh-SCG"]
[Site "Petrovac SCG"]
[Date "2004.05.16"]
[Round "1"]
[White "Boskovic,D"]
[Black "Markovic,Miros"]
[Result "0-1"]
[WhiteElo "2420"]
[BlackElo "2550"]

1.e4 c5 2.Nf3 d6 3.Bb5+ Bd7 4.Bxd7+ Nxd7 5.O-O Ngf6 6.Re1 Ne5 7.b3 e6 8.Bb2 Ng6
9.d4 cxd4 10.Qxd4 a6 11.Nbd2 Be7 12.Nc4 b5 13.Ne3 O-O 14.c4 Qb8 15.Rac1 Rd8
16.Ng4 Ne8 17.Qd1 Qb7 18.Nd4 Bg5 19.Rc2 bxc4 20.Rxc4 d5 21.exd5 Rxd5 22.Qf3 h5
23.Ne3 Ne5 24.Qe2 Bxe3 25.Qxe3 Nxc4 26.bxc4 Ra5  0-1